Kiểm soát thủ tục hành chính - Từ thực tiễn tỉnh Long An Luận văn thạc sĩ. Chuyên ngành: Luật Hiến pháp và Luật hành chính. Mã ngành: 8380102
Na minha lista:
| Autor principal: | |
|---|---|
| Nhiều tác giả của công ty: | , |
| Outros Autores: | |
| Idioma: | Undetermined Vietnamese |
| Publicado em: |
Trà Vinh
Trường Đại học Trà Vinh
2019
|
| Assuntos: | |
| Tags: |
Adicionar Tag
Sem tags, seja o primeiro a adicionar uma tag!
|
| Thư viện lưu trữ: | Trung tâm Học liệu Trường Đại học Trà Vinh |
|---|
| LEADER | 01076nam a2200289Ia 4500 | ||
|---|---|---|---|
| 001 | TVU_32098 | ||
| 008 | 210423s9999 xx 000 0 und d | ||
| 041 | |a vie | ||
| 082 | |a 342.597066 | ||
| 082 | |b Ng406 | ||
| 100 | |a Nguyễn, Lê Trúc Ngoan | ||
| 245 | 0 | |a Kiểm soát thủ tục hành chính - Từ thực tiễn tỉnh Long An | |
| 245 | 0 | |b Luận văn thạc sĩ. Chuyên ngành: Luật Hiến pháp và Luật hành chính. Mã ngành: 8380102 | |
| 245 | 0 | |c Nguyễn Lê Trúc Ngoan ; Đồng Việt Phương (hướng dẫn khoa học) | |
| 260 | |a Trà Vinh | ||
| 260 | |b Trường Đại học Trà Vinh | ||
| 260 | |c 2019 | ||
| 300 | |a viii, 61 tr. | ||
| 300 | |b minh hoạ | ||
| 300 | |c 30 cm | ||
| 504 | |a Thư mục: tr. 57-61 | ||
| 650 | |a Luật hành chính; Thủ tục hành chính | ||
| 700 | |a Nguyễn Lê Trúc Ngoan; Đồng Việt Phương | ||
| 700 | |e hướng dẫn khoa học | ||
| 710 | |a Ủy ban Nhân dân tỉnh Trà Vinh | ||
| 710 | |b Trường Đại học Trà Vinh | ||
| 980 | |a Trung tâm Học liệu Trường Đại học Trà Vinh | ||